000 01033cab a22002055a 4500
001 L157340
008 121029e2012 xxk 000 0 eng d
035 _a(Sirsi) u157340
041 0 _aeng
100 1 _aWhitmore, James
245 0 0 _aProperty chiefs enjoy 370% pay rise over decade
260 _c2012
490 0 _aProperty Week
_v78(42) 19 October 2012, 16(1)
520 _aChief executives of the eight largest listed property companies enjoyed an average of a 20% increase in their 2011 annual remuneration despite destroying the value of their companies. The recent update to the Bell-Mallen Partnership's groundbreaking February 2012 remuneration study shows that in the 12 years 2000-2011 the average remuneration for the above eight went up by 370%. Bell-Mallen contends that there is considerable scope for the review of executive reward at the major property companies.
590 _aKA
651 4 _aUnited Kingdom
690 _aCommercial property
_96227
690 _aResidential property
_96266
942 _n0
999 _c84336
_d84336